Normal view MARC view
  • Educación primaria

Entry Materia

Number of records used in: 10

001 - NÚMERO DE CONTROL DEL REGISTRO

  • campo de control: 18493

003 - IDENTIFICADOR DE NUMERO DE CONTROL

  • campo de control: MX-MxUPN

005 - FECHA Y HORA DE LA ÚLTIMA TRANSACCIÓN

  • campo de control: 20240906092604.0

008 - DATOS DE LONGITUD FIJA

  • campo de control de longitud fija: 240906nn|acannbabn | ana |d

035 ## - NÚMERO DE CONTROL DEL SISTEMA

  • Número de control del sistema: UPN10000018501

040 ## - FUENTE DE LA CATALOGACIÓN

  • Lengua de catalogación: spa
  • Agencia de transcripción: MX-MxUPN
  • Centro catalogador de origen: MX-MxUPN

150 ## - ENCABEZAMIENTO - TEMÁTICO

  • Término de materia o nombre geográfico como elemento inicial: Educación primaria
  • Subdivisión geográfica: Estados Unidos

670 ## - FUENTE EN LA QUE SE LOCALIZARON DATOS

  • Cita de la fuente: LC/P
  • Información localizada: Education, Primary (May subd. geog.)

670 ## - FUENTE EN LA QUE SE LOCALIZARON DATOS

  • Cita de la fuente: Autoridades BGTQ, 06 septiembre 2024 :
  • Información localizada: (Educación primaria -- Estados Unidos)

902 ## - CATALOGADOR

  • Catalogador: MMA/081196
  • Catalogador: MaríaRobles/060924